Catálogo Biblioteca Central

El principio ne bis in idem en la jurisprudencia del Tribunal Europeo de Derechos Humanos (Registro nro. 232483)

Detalles MARC
000 -CABECERA
campo de control de longitud fija 00733naa a22001937i 4500
001 - NÚMERO DE CONTROL
campo de control 232483
003 - IDENTIFICADOR DEL NÚMERO DE CONTROL
campo de control ES-MaBCM
005 - FECHA Y HORA DE LA ÚLTIMA TRANSACCIÓN
campo de control 20260225091557.0
008 - CÓDIGOS DE INFORMACIÓN DE LONGITUD FIJA
campo de control de longitud fija 260225s2026 sp ||||| |||| 00| 0 spa d
040 ## - FUENTE DE LA CATALOGACIÓN
Centro transcriptor ES-MaBCM
100 1# - PUNTO DE ACCESO PRINCIPAL - NOMBRE DE PERSONA
Nombre de persona Mañas de Orduña, Álvaro
9 (RLIN) 131187
245 13 - MENCIÓN DE TÍTULO
Título El principio ne bis in idem en la jurisprudencia del Tribunal Europeo de Derechos Humanos
Mención de responsabilidad etc. Álvaro Mañas de Orduña
504 ## - NOTA DE BIBLIOGRAFÍA, ETC.
Nota de bibliografía etc. Incluye referencias bibliográficas
610 27 - PUNTO DE ACCESO ADICIONAL DE MATERIA--NOMBRE DE ENTIDAD CORPORATIVA
Nombre de entidad corporativa o nombre de jurisdicción como elemento inicial Tribunal Europeo de Derechos Humanos
9 (RLIN) 52880
650 #7 - PUNTO DE ACCESO ADICIONAL DE MATERIA--TÉRMINO DE MATERIA
Término de materia o nombre geográfico como elemento inicial Principios generales del Derecho
9 (RLIN) 59890
650 #0 - PUNTO DE ACCESO ADICIONAL DE MATERIA--TÉRMINO DE MATERIA
Término de materia o nombre geográfico como elemento inicial Doctrina jurídica
9 (RLIN) 126505
773 0# - ENLACE AL DOCUMENTO FUENTE
Lugar editor y fecha de publicación Las Rozas, Madrid
Parte(s) relacionada(s) N. 10892 (25 de febrero de 2026) - Loc. En línea
Título Diario La Ley
Número de control del registro relacionado 213918
942 ## - ELEMENTOS DE PUNTO DE ACCESO ADICIONAL (KOHA)
Fuente del sistema de clasificación o colocación Universal Decimal Classification
Tipo de ítem Koha Artículos de revistas
Existencias
Estado de retiro Estado de pérdida Fuente del sistema de clasificación o colocación Estado dañado No para préstamo Localización permanente Ubicación/localización actual Ubicación en estantería Fecha de adquisición Total de préstamos Fecha visto por última vez Precio válido a partir de Tipo de ítem Koha
    Universal Decimal Classification     Biblioteca Central del Ministerio de la Presidencia Biblioteca Central del Ministerio de la Presidencia Sala 25/02/2026   25/02/2026 25/02/2026 Artículos de revistas